[Event "OLNW 1920 Delmenhorster SK - SK Lehrte"]
[Site "?"]
[Date "2019.09.29"]
[Round "1.3"]
[White "Duessler, Stefanie"]
[Black "Korsus, Bernd"]
[Result "1/2-1/2"]
[WhiteElo "2108"]
[BlackElo "2318"]
[PlyCount "138"]
[EventDate "2019.??.??"]
[EventType "team-tourn"]

1. e4 c5 2. Nf3 Nc6 3. d4 cxd4 4. Nxd4 Nf6 5. Nc3 e5 6. Ndb5 d6 7. Bg5 a6 8.
Na3 b5 9. Nd5 Be7 10. Bxf6 Bxf6 11. c4 b4 12. Nc2 O-O 13. Be2 Rb8 14. b3 Bg5
15. O-O Kh8 16. Bg4 Be6 17. g3 Qd7 18. h3 f5 19. exf5 Bxf5 20. Kg2 a5 21. Nce3
g6 22. Bxf5 gxf5 23. Qh5 Qg7 24. h4 Bxe3 25. Nxe3 Nd4 26. Nd5 f4 27. g4 f3+ 28.
Kh1 Ne6 29. Rad1 Rf7 30. Rg1 Rbf8 31. g5 Nd4 32. Nf6 Ne2 33. Qxf3 Nxg1 34. Rxg1
Rxf6 35. gxf6 Qxf6 36. Qg3 Qf7 37. Rg2 Qf6 38. Qg4 Qh6 39. Kg1 Qc1+ 40. Kh2
Qf4+ 41. Qxf4 Rxf4 42. Kg3 a4 43. f3 axb3 44. axb3 Rd4 45. h5 Rd3 46. Kg4 Kg7
47. f4 exf4 48. Kxf4+ Kh6 49. Ke4 Rxb3 50. Rd2 Rc3 51. Rxd6+ Kxh5 52. Kd4 Rc1
53. Rb6 Rb1 54. c5 b3 55. c6 b2 56. Kc3 Kg4 57. Rxb2 Rc1+ 58. Rc2 Re1 59. c7
Re8 60. Kd4 Rc8 61. Ke5 h5 62. Rc4+ Kg3 63. Kf5 h4 64. Rc3+ Kf2 65. Kg4 Ke2 66.
Kxh4 Kd2 67. Rc6 Kd3 68. Kg5 Kd4 69. Kf6 Kd5 1/2-1/2

[Event "OLNW 1920 Delmenhorster SK - SK Lehrte"]
[Site "?"]
[Date "2019.09.29"]
[Round "1.4"]
[White "Mossakowski, Florian"]
[Black "Hartogh, Christian"]
[Result "1-0"]
[WhiteElo "2281"]
[BlackElo "2021"]
[PlyCount "75"]
[EventDate "2019.??.??"]
[EventType "team-tourn"]

1. e4 c5 2. Nf3 d6 3. d4 cxd4 4. Nxd4 Nf6 5. Nc3 a6 6. f4 e6 7. Qf3 Qc7 8. g4
Nc6 9. Nb3 Be7 10. g5 Nd7 11. Bd3 b5 12. Rf1 Nc5 13. Bd2 Bb7 14. Qh3 b4 15. Ne2
g6 16. Ng3 O-O-O 17. Nxc5 dxc5 18. f5 exf5 19. O-O-O Kb8 20. exf5 Ka8 21. Kb1
Rxd3 22. cxd3 Nd4 23. fxg6 fxg6 24. Be3 Bd5 25. Bxd4 Bxa2+ 26. Kxa2 b3+ 27.
Kxb3 cxd4 28. Qg2+ Ka7 29. Ka2 Rb8 30. Rc1 Qb6 31. Qc2 Rb7 32. Rf7 Qd6 33. Ne4
Qd5+ 34. Qc4 Qa5+ 35. Kb1 Qa3 36. Qxd4+ Kb8 37. Rxe7 Qxe7 38. Qd6+ 1-0

[Event "OLNW 1920 Delmenhorster SK - SK Lehrte"]
[Site "?"]
[Date "2019.09.29"]
[Round "1.5"]
[White "Schruefer, Guenther"]
[Black "Hedke, Fred"]
[Result "1/2-1/2"]
[WhiteElo "2218"]
[BlackElo "2225"]
[PlyCount "75"]
[EventDate "2019.??.??"]
[EventType "team-tourn"]

1. e4 e5 2. Nf3 Nc6 3. Bb5 a6 4. Ba4 Nf6 5. O-O Be7 6. Re1 b5 7. Bb3 d6 8. c3
O-O 9. h3 Bb7 10. d4 h6 11. Nbd2 Re8 12. Nf1 Bf8 13. Ng3 Na5 14. Bc2 g6 15. b3
Bg7 16. Bb2 c5 17. Qd2 Nc6 18. d5 Nb8 19. a4 Qb6 20. a5 Qc7 21. c4 Nbd7 22. Qd3
b4 23. Nh2 Re7 24. Bd1 Rf8 25. Ra2 Bc8 26. Bc1 Kh7 27. Qf3 Ree8 28. Bc2 Qd8 29.
Qe3 Kg8 30. Nhf1 Nh7 31. Qe2 Kh8 32. Nh2 Ndf6 33. Kh1 Ng8 34. Rf1 h5 35. Rg1
Ne7 36. Nf3 Ng8 37. Nh2 Ne7 38. Nf3 1/2-1/2

[Event "OLNW 1920 Delmenhorster SK - SK Lehrte"]
[Site "?"]
[Date "2019.09.29"]
[Round "1.7"]
[White "Zschischang, Marine"]
[Black "Grebener, Soeren"]
[Result "1/2-1/2"]
[WhiteElo "2043"]
[BlackElo "2007"]
[PlyCount "86"]
[EventDate "2019.??.??"]
[EventType "team-tourn"]

1. d4 d5 2. c4 c6 3. cxd5 cxd5 4. Nc3 Nc6 5. Nf3 Nf6 6. Ne5 e6 7. e3 Nxe5 8.
dxe5 Nd7 9. f4 Be7 10. Bd3 a6 11. O-O O-O 12. a3 b5 13. b4 f5 14. Ne2 Nb6 15.
Bb2 Nc4 16. Bd4 a5 17. Nc3 Bd7 18. Bxc4 bxc4 19. b5 a4 20. Nxa4 Bxb5 21. Nc3
Bc6 22. Qc1 Qa5 23. Rf2 Rfb8 24. Nb1 Rb3 25. Rfa2 Rab8 26. Nd2 R3b7 27. Nf3 Ba4
28. Bc3 Qa6 29. Nd4 Bb3 30. Rd2 Ra8 31. a4 Kf7 32. h3 g6 33. Rb2 Rab8 34. Kh2
h5 35. Qd2 Bc5 36. a5 Bxd4 37. exd4 Qc6 38. Qe1 Qd7 39. Re2 Qe7 40. Rb2 Ra7 41.
Rbb1 Ra6 42. Rb2 Rg8 43. Bb4 Qd8 1/2-1/2

[Event "OLNW 1920 Delmenhorster SK - SK Lehrte"]
[Site "?"]
[Date "2019.09.29"]
[Round "1.8"]
[White "Sinnhoefer, Jonas"]
[Black "Zschischang, Gunnar"]
[Result "0-1"]
[WhiteElo "1863"]
[BlackElo "2103"]
[PlyCount "90"]
[EventDate "2019.??.??"]
[EventType "team-tourn"]

1. e4 c5 2. c4 Nc6 3. Nf3 e5 4. Nc3 g6 5. Be2 Bg7 6. O-O Nge7 7. d3 O-O 8. Ne1
d6 9. Nc2 h6 10. f4 exf4 11. Bxf4 g5 12. Bd2 f5 13. Ne3 f4 14. Ned5 Bd4+ 15.
Kh1 Ne5 16. Nb5 Bxb2 17. Rb1 Nxd5 18. cxd5 Bd4 19. Nxd4 cxd4 20. Qa4 b6 21.
Qxd4 Qe7 22. Qf2 Bd7 23. d4 Ng4 24. Bxg4 Bxg4 25. Rfe1 Qf7 26. Bb4 Rfd8 27.
Rbc1 a5 28. Ba3 b5 29. Rc6 b4 30. Bb2 a4 31. h3 Bh5 32. g4 Bg6 33. Qf3 Rac8 34.
Rec1 Rxc6 35. Rxc6 Qh7 36. Qe2 Bxe4+ 37. Kh2 f3 38. Qe1 Rf8 39. Qf2 Qf7 40. Bc1
Qxd5 41. Rc7 Qa5 42. Re7 d5 43. h4 Rc8 44. Kg3 Qd8 45. Re5 Rxc1 0-1

[Event "OLNW 1920 SK Kirchweyhe - SK Union Olde"]
[Site "?"]
[Date "2019.10.13"]
[Round "1.1"]
[White "Breutigam, Martin"]
[Black "Stevic, Hrvoje"]
[Result "0-1"]
[WhiteElo "2376"]
[BlackElo "2570"]
[PlyCount "56"]
[EventDate "2019.??.??"]
[EventType "team-tourn"]

1. d4 d5 2. Nf3 Nf6 3. Bg5 Ne4 4. Bh4 h5 5. h3 Rg8 6. Nfd2 g5 7. Nxe4 gxh4 8.
Nc5 e5 9. c3 Bxc5 10. dxc5 Nc6 11. e3 Be6 12. Qxh5 Qe7 13. Bb5 Qxc5 14. Bxc6+
Qxc6 15. Qxe5 O-O-O 16. Qd4 Qb5 17. Nd2 c5 18. a4 Qc6 19. Qxh4 d4 20. e4 dxc3
21. bxc3 Rxg2 22. Qf4 Rd3 23. a5 Rxc3 24. h4 Rd3 25. h5 Rg4 26. Qe5 f6 27. Qb2
Rxe4+ 28. Kf1 Red4 0-1

[Event "OLNW 1920 SK Kirchweyhe - SK Union Olde"]
[Site "?"]
[Date "2019.10.13"]
[Round "1.2"]
[White "Kovacevic, Aleksandar"]
[Black "Bredemeier, Dirk"]
[Result "1-0"]
[WhiteElo "2472"]
[BlackElo "2271"]
[PlyCount "79"]
[EventDate "2019.??.??"]
[EventType "team-tourn"]

1. e4 c5 2. Nf3 e6 3. d4 cxd4 4. Nxd4 Nc6 5. Nc3 Qc7 6. Be2 a6 7. O-O Nf6 8.
Be3 Bb4 9. Na4 Be7 10. Nxc6 bxc6 11. Nb6 Rb8 12. Nxc8 Qxc8 13. Bd4 Qc7 14. e5
Nd5 15. c4 Nf4 16. g3 c5 17. Bc3 Nh3+ 18. Kh1 Ng5 19. Bf3 Nxf3 20. Qxf3 Qb7 21.
Qxb7 Rxb7 22. Rad1 O-O 23. Rd2 Ra8 24. Rfd1 Raa7 25. Ba5 f6 26. f4 Kf7 27. Re2
Ra8 28. Kg2 Rab8 29. b3 Ra8 30. Rd3 h5 31. f5 exf5 32. exf6 Kxf6 33. Bc3+ Kf7
34. Bxg7 d5 35. Bc3 d4 36. Bd2 Rf8 37. Bh6 Rh8 38. Bf4 h4 39. Rf3 hxg3 40. hxg3
1-0

[Event "OLNW 1920 SK Kirchweyhe - SK Union Olde"]
[Site "?"]
[Date "2019.10.13"]
[Round "1.3"]
[White "Meessen, Max"]
[Black "Palac, Mladen"]
[Result "0-1"]
[WhiteElo "2221"]
[BlackElo "2544"]
[PlyCount "68"]
[EventDate "2019.??.??"]
[EventType "team-tourn"]

1. d4 Nf6 2. c4 e6 3. Nc3 Bb4 4. Qc2 O-O 5. e4 d6 6. e5 dxe5 7. dxe5 Ng4 8. Nf3
Nc6 9. Bf4 f6 10. Bd3 Ngxe5 11. Bxe5 fxe5 12. Bxh7+ Kh8 13. Be4 Nd4 14. Qa4
Nxf3+ 15. Bxf3 Bc5 16. O-O Rxf3 17. gxf3 Bd7 18. Qd1 Qg5+ 19. Kh1 Bc6 20. Ne4
Qf5 21. Rc1 Bd4 22. Qe2 Rf8 23. Rce1 Bxb2 24. Rg1 Bc3 25. Rg5 Qxf3+ 26. Qxf3
Rxf3 27. Nxc3 Re3+ 28. f3 Rxe1+ 29. Kg2 Re3 30. Nb5 Rxf3 31. Kg1 Bxb5 32. cxb5
Re3 33. Rg6 Kg8 34. Rxe6 Kf7 0-1

[Event "OLNW 1920 SK Kirchweyhe - SK Union Olde"]
[Site "?"]
[Date "2019.10.13"]
[Round "1.4"]
[White "Jovanovic, Zoran"]
[Black "Mueer, Sebastian"]
[Result "1-0"]
[WhiteElo "2507"]
[BlackElo "2194"]
[PlyCount "59"]
[EventDate "2019.??.??"]
[EventType "team-tourn"]

1. e4 c5 2. Nc3 Nc6 3. Nf3 g6 4. Bb5 Bg7 5. O-O e5 6. a3 Nge7 7. b4 cxb4 8.
axb4 O-O 9. Bc4 d6 10. b5 Nd4 11. Nxd4 exd4 12. Nd5 Nxd5 13. exd5 Re8 14. Qf3
d3 15. c3 Qh4 16. Bxd3 Be5 17. g3 Bg4 18. Qxf7+ Kxf7 19. gxh4 Bf3 20. Ra4 Kg7
21. Ba3 Re7 22. Rb1 Rae8 23. Bf1 Bf6 24. Bxd6 Re1 25. Raa1 Rxb1 26. Rxb1 Bxh4
27. Bc5 Bf6 28. Bg2 Bxg2 29. Kxg2 b6 30. Be3 1-0

[Event "OLNW 1920 SK Kirchweyhe - SK Union Olde"]
[Site "?"]
[Date "2019.10.13"]
[Round "1.5"]
[White "Wittje, Berthold"]
[Black "Zelcic, Robert"]
[Result "0-1"]
[WhiteElo "2223"]
[BlackElo "2508"]
[PlyCount "88"]
[EventDate "2019.??.??"]
[EventType "team-tourn"]

1. Nf3 d5 2. g3 c5 3. Bg2 Nf6 4. O-O e6 5. c4 d4 6. e3 Nc6 7. exd4 cxd4 8. Re1
Bd6 9. b3 O-O 10. Ba3 e5 11. d3 Bg4 12. h3 Bh5 13. Bxd6 Qxd6 14. a3 a5 15. Nbd2
Nd7 16. Ne4 Qe7 17. g4 Bg6 18. Nfd2 f5 19. gxf5 Rxf5 20. Ng3 Rf4 21. Nde4 Raf8
22. b4 Nf6 23. Re2 Nxe4 24. Bxe4 Bxe4 25. Nxe4 Rf3 26. Kg2 axb4 27. c5 Qe6 28.
Ng3 Qg6 29. Qb3+ Kh8 30. axb4 e4 31. Qd5 Nxb4 32. Qxe4 Qf7 33. Rd1 Rxf2+ 34.
Kg1 h6 35. Rdd2 Rf4 36. Qe6 Rf3 37. Qxf7 R8xf7 38. Re8+ Kh7 39. Ne2 Rf1+ 40.
Kg2 R1f2+ 41. Kg1 Nd5 42. Kh1 Ne3 43. Nxd4 Rxd2 44. Rxe3 Rf1# 0-1

[Event "OLNW 1920 SK Kirchweyhe - SK Union Olde"]
[Site "?"]
[Date "2019.10.13"]
[Round "1.6"]
[White "Zaja, Ivan"]
[Black "Wagner, Jan"]
[Result "1-0"]
[WhiteElo "2461"]
[BlackElo "2184"]
[PlyCount "43"]
[EventDate "2019.??.??"]
[EventType "team-tourn"]

1. d4 g6 2. e4 Bg7 3. Nc3 c6 4. Bc4 d6 5. Qf3 e6 6. Be3 Nd7 7. Qg3 Qe7 8. h4 e5
9. O-O-O Nb6 10. Bb3 Nf6 11. h5 Ng4 12. h6 Bf6 13. dxe5 Bxe5 14. Bf4 Be6 15.
Bxe5 dxe5 16. Nf3 f6 17. Rh4 Bxb3 18. axb3 f5 19. exf5 gxf5 20. Rh5 Rf8 21. Nh4
Rg8 22. Nxf5 1-0

[Event "OLNW 1920 SK Kirchweyhe - SK Union Olde"]
[Site "?"]
[Date "2019.10.13"]
[Round "1.7"]
[White "Schuette, Marc"]
[Black "Genov, Petar"]
[Result "1-0"]
[WhiteElo "2051"]
[BlackElo "2433"]
[PlyCount "97"]
[EventDate "2019.??.??"]
[EventType "team-tourn"]

1. e4 c6 2. d4 d5 3. Nc3 h6 4. Nf3 Bg4 5. exd5 cxd5 6. Bb5+ Nc6 7. Ne5 Bd7 8.
Nxd7 Qxd7 9. O-O Nf6 10. Re1 e6 11. Be3 Rc8 12. a3 a6 13. Bf1 Na5 14. Qd3 Nc4
15. Bc1 Be7 16. b3 Nd6 17. Bb2 O-O 18. Qh3 Nf5 19. Rad1 Rc6 20. g4 Nd6 21. Bd3
Rfc8 22. g5 hxg5 23. Nxd5 exd5 24. Qxd7 Nxd7 25. Rxe7 Nf6 26. h3 g4 27. hxg4
Nxg4 28. Rde1 g6 29. c4 Nf6 30. c5 Nde4 31. Rxb7 Ng5 32. Kg2 Ne6 33. Bc1 Nh5
34. Bf1 Nxd4 35. Rd1 Nf5 36. b4 Rd8 37. Bc4 Nf6 38. Ra7 Re8 39. Bxa6 Re4 40.
Ra8+ Kg7 41. Bc8 Nh4+ 42. Kf1 Nf3 43. Bb2 g5 44. Ra6 Rxc8 45. Rxf6 Nh2+ 46. Kg2
Rg4+ 47. Kxh2 Rh8+ 48. Rh6+ Kxh6 49. Bxh8 1-0

[Event "OLNW 1920 SK Kirchweyhe - SK Union Olde"]
[Site "?"]
[Date "2019.10.13"]
[Round "1.8"]
[White "Medak, Bojan"]
[Black "Buerckner, Hartmut"]
[Result "1-0"]
[WhiteElo "2351"]
[BlackElo "2167"]
[PlyCount "81"]
[EventDate "2019.??.??"]
[EventType "team-tourn"]

1. c4 c5 2. Nf3 Nf6 3. Nc3 g6 4. d4 cxd4 5. Nxd4 Bg7 6. g3 O-O 7. Bg2 Nc6 8.
O-O Nxd4 9. Qxd4 d6 10. Qd2 a5 11. Rb1 Nd7 12. b3 Nc5 13. Bb2 Be6 14. Ne4 Nxe4
15. Bxe4 Bxb2 16. Rxb2 Qc7 17. h4 a4 18. h5 axb3 19. hxg6 fxg6 20. axb3 Ra5 21.
Bxb7 Rb8 22. Be4 Qa7 23. Rc1 Ra3 24. Qd3 Bf7 25. Kg2 Qb6 26. Qd2 Qc5 27. b4 Qe5
28. Bf3 Ra4 29. c5 dxc5 30. Rxc5 Qd6 31. Qc3 e5 32. Bc6 Ra6 33. Rd2 Qf6 34. b5
Rab6 35. Rxe5 Kg7 36. Qe3 Rxc6 37. bxc6 Qxc6+ 38. Qe4 Qc1 39. Qd4 Kg8 40. Rd1
Qa3 41. Ra1 1-0

[Event "OLNW 1920 HSK Lister Turm - SK Union Ol"]
[Site "?"]
[Date "2019.10.20"]
[Round "2.1"]
[White "Bredemeier, Dirk"]
[Black "Abel, Dennes"]
[Result "1/2-1/2"]
[WhiteElo "2271"]
[BlackElo "2473"]
[PlyCount "74"]
[EventDate "2019.??.??"]
[EventType "team-tourn"]

1. c4 c6 2. g3 d5 3. Nf3 Bg4 4. Bg2 e6 5. cxd5 Bxf3 6. Bxf3 cxd5 7. O-O Nc6 8.
d3 Nf6 9. Nc3 Bd6 10. Bg2 O-O 11. Bg5 h6 12. Bxf6 Qxf6 13. Rc1 Rac8 14. e3 Qe7
15. Qa4 a6 16. a3 Rfd8 17. Rfd1 Bc7 18. b4 Ne5 19. Ne2 Bb6 20. Qb3 Qf6 21. h3
Nf3+ 22. Kh1 Rxc1 23. Rxc1 g5 24. Qc2 Ne5 25. Kg1 Kg7 26. a4 Rd6 27. Qd2 Rc6
28. b5 axb5 29. axb5 Rxc1+ 30. Nxc1 Qe7 31. Qc3 f6 32. d4 Nc4 33. e4 Ba5 34.
Qd3 Nb6 35. Nb3 Bb4 36. exd5 exd5 37. Qf5 Qe1+ 1/2-1/2

[Event "OLNW 1920 HSK Lister Turm - SK Union Ol"]
[Site "?"]
[Date "2019.10.20"]
[Round "2.2"]
[White "Schneider, Ilja"]
[Black "Meessen, Max"]
[Result "1-0"]
[WhiteElo "2494"]
[BlackElo "2221"]
[PlyCount "109"]
[EventDate "2019.??.??"]
[EventType "team-tourn"]

1. Nf3 d5 2. e3 Nf6 3. c4 e6 4. d4 Be7 5. b3 O-O 6. Bb2 b6 7. Bd3 Bb7 8. O-O c5
9. Nc3 Nc6 10. Rc1 Rc8 11. cxd5 exd5 12. dxc5 bxc5 13. Bf5 Rb8 14. Na4 Ne4 15.
Ne5 Nxe5 16. Bxe5 Bd6 17. Bxe4 Bxe5 18. Bxh7+ Kxh7 19. Qh5+ Kg8 20. Qxe5 c4 21.
Nc5 cxb3 22. axb3 Re8 23. Qa1 a5 24. Rfd1 Re7 25. e4 Qb6 26. exd5 Rd8 27. Nxb7
Rxb7 28. Rd3 Rbd7 29. Qe5 Rd6 30. Rg3 Rf6 31. Re3 Qd6 32. Qd4 Re6 33. Rd1 Rh6
34. Rg3 Rf6 35. h4 Qf4 36. h5 Qxd4 37. Rxd4 Rf5 38. Rdg4 Rxh5 39. Rxg7+ Kf8 40.
Rg8+ Ke7 41. Re3+ Kd7 42. Rxd8+ Kxd8 43. d6 Rd5 44. Re7 f5 45. f4 Rd4 46. g3
Rd3 47. Kg2 Rxb3 48. Re5 a4 49. Rxf5 Kd7 50. Ra5 a3 51. Ra6 Rb2+ 52. Kh3 a2 53.
g4 Ke6 54. f5+ Ke5 55. d7 1-0

[Event "OLNW 1920 HSK Lister Turm - SK Union Ol"]
[Site "?"]
[Date "2019.10.20"]
[Round "2.3"]
[White "Wittje, Berthold"]
[Black "Walter, Stefan"]
[Result "1/2-1/2"]
[WhiteElo "2223"]
[BlackElo "2394"]
[PlyCount "143"]
[EventDate "2019.??.??"]
[EventType "team-tourn"]

1. Nf3 d5 2. g3 e6 3. Bg2 Nf6 4. O-O Be7 5. c4 O-O 6. b3 c5 7. Bb2 d4 8. e3 Nc6
9. exd4 cxd4 10. Re1 Ne8 11. Na3 f6 12. Nc2 e5 13. d3 Nc7 14. Qd2 a5 15. a3 Rb8
16. b4 axb4 17. Nxb4 Bd7 18. Reb1 Bxb4 19. axb4 b5 20. c5 Qe8 21. Bc1 Be6 22.
Qe2 Bd5 23. Bd2 Qd7 24. Re1 Rbe8 25. Qd1 Kh8 26. Qc2 g5 27. Re2 h6 28. Ne1 Ra8
29. Rxa8 Rxa8 30. f4 Ra2 31. Qb1 exf4 32. gxf4 Ne6 33. fxg5 hxg5 34. Qd1 Ne5
35. Rf2 Kg7 36. Qh5 Bxg2 37. Rxg2 Qf7 38. Qh3 Ra1 39. Kf2 Ra2 40. Kg1 Rb2 41.
Qf5 Ng6 42. Qd5 Rb1 43. Qa2 Rd1 44. Qc2 Ra1 45. c6 Qc7 46. Re2 Ngf4 47. Re4 Kg6
48. Qb2 Ra6 49. Bxf4 Nxf4 50. Qxd4 Rxc6 51. Re8 Kf7 52. Re3 Rc1 53. Qe4 Kg7 54.
Kf2 Ng6 55. Kg1 Qc3 56. d4 Qxb4 57. Qb7+ Kh6 58. Qe4 Nf4 59. h4 Qb1 60. hxg5+
fxg5 61. Qe5 Qh7 62. Qxb5 Qg6 63. Qe5 Rc8 64. Nd3 Qf7 65. Nxf4 Rc1+ 66. Kf2
Qxf4+ 67. Qxf4 gxf4 68. Re5 Rd1 69. Rf5 Rxd4 70. Kf3 Kg6 71. Rxf4 Rxf4+ 72.
Kxf4 1/2-1/2

[Event "OLNW 1920 HSK Lister Turm - SK Union Ol"]
[Site "?"]
[Date "2019.10.20"]
[Round "2.4"]
[White "Buchenau, Frank"]
[Black "Wagner, Jan"]
[Result "1-0"]
[WhiteElo "2264"]
[BlackElo "2184"]
[PlyCount "75"]
[EventDate "2019.??.??"]
[EventType "team-tourn"]

1. e4 g6 2. d4 Bg7 3. Nc3 c6 4. Nf3 d6 5. Be2 Nf6 6. O-O O-O 7. a4 a5 8. Be3
Qc7 9. Nd2 Na6 10. f4 Nb4 11. Ncb1 Bd7 12. c3 Na6 13. Na3 Rfe8 14. g4 Rf8 15.
f5 Kh8 16. h4 gxf5 17. gxf5 Rg8 18. Kh1 e6 19. fxe6 fxe6 20. h5 h6 21. Qe1 Qd8
22. Nac4 Be8 23. Nxd6 Qxd6 24. e5 Qd8 25. exf6 Bxf6 26. Qf2 Bh4 27. Qf4 Qg5 28.
Rg1 Qxf4 29. Bxf4 Bf6 30. Ne4 Bg7 31. Raf1 c5 32. Bxa6 Rxa6 33. Nxc5 Rb6 34.
Rf2 Bxh5 35. Rg3 Be8 36. Kg1 Bf8 37. Be5+ Kh7 38. Rxf8 1-0

[Event "OLNW 1920 HSK Lister Turm - SK Union Ol"]
[Site "?"]
[Date "2019.10.20"]
[Round "2.5"]
[White "Schuette, Marc"]
[Black "Hampel, Felix"]
[Result "0-1"]
[WhiteElo "2051"]
[BlackElo "2271"]
[PlyCount "158"]
[EventDate "2019.??.??"]
[EventType "team-tourn"]

1. e4 c5 2. c3 Nf6 3. e5 Nd5 4. d4 cxd4 5. Nf3 e6 6. cxd4 d6 7. a3 Nc6 8. Bd3
g6 9. O-O Bg7 10. Re1 O-O 11. Nbd2 dxe5 12. dxe5 Nf4 13. Bf1 Nd3 14. Bxd3 Qxd3
15. Qb3 Qxb3 16. Nxb3 b6 17. Bd2 Ba6 18. Nbd4 Nxd4 19. Nxd4 Rfd8 20. Bc3 Rac8
21. a4 Rd5 22. Nc2 Bb7 23. Nb4 Rdc5 24. Nd3 Rc4 25. a5 b5 26. f3 Bf8 27. a6 Bd5
28. Rec1 b4 29. Be1 b3 30. Bf2 Bh6 31. Rxc4 Bxc4 32. Nc5 Rc6 33. Ra4 Bd5 34. f4
Bf8 35. Ra5 Be7 36. g3 Bd8 37. Ra1 Bb6 38. Rc1 Kg7 39. Bd4 Be4 40. Rc3 Bc2 41.
Kf2 Ba5 42. Rc4 h6 43. Be3 Bb6 44. g4 g5 45. fxg5 hxg5 46. Kg3 Kg6 47. h4 gxh4+
48. Kxh4 Bd3 49. Rc3 Bxa6 50. Bd4 Ba5 51. Rxb3 Bf1 52. Kg3 Bc7 53. Rf3 Bc4 54.
Rf6+ Kg7 55. Nd7 a5 56. Rf2 Bd3 57. Rd2 Bg6 58. Kf4 Rc4 59. Ke3 a4 60. Rd1 Rc2
61. Rd2 Rc1 62. Rh2 Re1+ 63. Kd2 Ba5+ 64. Bc3 Rb1 65. Ke3 a3 66. Bxa5 axb2 67.
Rxb2 Rxb2 68. Bd8 Rb3+ 69. Kf4 Rd3 70. Bf6+ Kg8 71. Nc5 Rd4+ 72. Kg5 Bc2 73.
Nb7 Bd1 74. Kh4 Rxg4+ 75. Kh3 Kh7 76. Nd6 Kg6 77. Kh2 Rd4 78. Be7 Rd5 79. Kg3
Rxe5 0-1

[Event "OLNW 1920 HSK Lister Turm - SK Union Ol"]
[Site "?"]
[Date "2019.10.20"]
[Round "2.6"]
[White "Voege, Tobias"]
[Black "Buerckner, Hartmut"]
[Result "1-0"]
[WhiteElo "2288"]
[BlackElo "2167"]
[PlyCount "81"]
[EventDate "2019.??.??"]
[EventType "team-tourn"]

1. d4 Nf6 2. c4 e6 3. Nc3 Bb4 4. Nf3 O-O 5. Bg5 c5 6. e3 Qa5 7. Bxf6 Bxc3+ 8.
bxc3 Qxc3+ 9. Nd2 gxf6 10. Rc1 Qa3 11. Rc2 f5 12. Qh5 f6 13. d5 d6 14. g4 Qa4
15. Rg1 exd5 16. gxf5+ Kh8 17. Qg4 Qd7 18. cxd5 Qe7 19. Ne4 Nd7 20. Nxd6 Ne5
21. Qg3 Bd7 22. f4 Rg8 23. Qf2 Rxg1 24. fxe5 Rag8 25. Qh4 Rf8 26. Qf2 Rg5 27.
h4 Rg4 28. Bh3 Rb4 29. Nc4 fxe5 30. e4 Bb5 31. Nd2 b6 32. Bf1 Ba4 33. Rc3 Rb2
34. Bc4 b5 35. Bb3 Bxb3 36. axb3 Rc8 37. f6 Qd6 38. f7 Rf8 39. Qxc5 Qe7 40. Qc7
Qd8 41. Qc8 1-0

[Event "OLNW 1920 HSK Lister Turm - SK Union Ol"]
[Site "?"]
[Date "2019.10.20"]
[Round "2.8"]
[White "Polster, Christian"]
[Black "Schaefer, Maik"]
[Result "1-0"]
[WhiteElo "2279"]
[BlackElo "1757"]
[PlyCount "89"]
[EventDate "2019.??.??"]
[EventType "team-tourn"]

1. e4 c5 2. Nf3 d6 3. d4 cxd4 4. Nxd4 Nf6 5. Nc3 a6 6. Bg5 e6 7. f4 h6 8. Bh4
Qb6 9. a3 Nc6 10. Bf2 Qc7 11. Nb3 b5 12. Qd2 Be7 13. Be2 Bb7 14. Bf3 O-O 15.
O-O Rfd8 16. Be3 Bf8 17. Qf2 Qe7 18. Bb6 Re8 19. Rad1 Nd7 20. Bc7 Qf6 21. Bxd6
Bxd6 22. Rxd6 Qe7 23. Rfd1 Red8 24. e5 Rac8 25. Bxc6 Bxc6 26. Qd2 Rc7 27. Na5
Ba8 28. Qd4 Qh4 29. Qf2 Qe7 30. Rxa6 Nf8 31. Rad6 Rdc8 32. R1d2 Kh7 33. Nxb5
Rc5 34. c4 Ng6 35. Rd7 Qf8 36. b4 Rxb5 37. cxb5 Qe8 38. b6 Bd5 39. Rc7 Rb8 40.
b7 Qb5 41. Qc5 Qa4 42. Rc8 Rxb7 43. Nxb7 Bxb7 44. Rc7 Bd5 45. Qe3 1-0

[Event "OLNW 1920 SK Lehrte - SK Kirchweyhe"]
[Site "?"]
[Date "2019.10.20"]
[Round "2.1"]
[White "Stevic, Hrvoje"]
[Black "Schirm, Friedmar"]
[Result "1-0"]
[WhiteElo "2570"]
[BlackElo "2270"]
[PlyCount "87"]
[EventDate "2019.??.??"]
[EventType "team-tourn"]

1. e4 c5 2. Nf3 Nc6 3. c3 Nf6 4. e5 Nd5 5. Bc4 Nb6 6. Bb3 c4 7. Bc2 d5 8. exd6
e5 9. O-O Bxd6 10. d3 cxd3 11. Qxd3 Be6 12. Rd1 Be7 13. Qe2 Qc7 14. Ng5 Bc4 15.
Qg4 Rd8 16. Re1 Bxg5 17. Bxg5 f6 18. Be3 Bd3 19. Bxb6 axb6 20. Bxd3 Rxd3 21.
Na3 Qd7 22. Qa4 Na5 23. Qb4 Qd6 24. Qb5+ Kf7 25. b4 Rd5 26. Qe2 Nc6 27. Nc4 Qd8
28. Rad1 Ne7 29. Rxd5 Qxd5 30. Rd1 Qe6 31. Rd6 Qf5 32. Nxb6 Kg6 33. a4 Nc8 34.
Nxc8 Rxc8 35. Rd3 b6 36. h3 Qf4 37. Rg3+ Kf7 38. Qb5 Rd8 39. Qxb6 Rd1+ 40. Kh2
Qc1 41. Qc7+ Ke8 42. Qc8+ Kf7 43. Qc4+ Kf8 44. Rd3 1-0

[Event "OLNW 1920 SK Lehrte - SK Kirchweyhe"]
[Site "?"]
[Date "2019.10.20"]
[Round "2.2"]
[White "Stelmaszyk, Nico"]
[Black "Kovacevic, Aleksandar"]
[Result "0-1"]
[WhiteElo "2190"]
[BlackElo "2472"]
[PlyCount "78"]
[EventDate "2019.??.??"]
[EventType "team-tourn"]

1. e4 c5 2. c3 Nf6 3. e5 Nd5 4. d4 cxd4 5. Nf3 d6 6. cxd4 Nc6 7. Bc4 dxe5 8.
dxe5 Ndb4 9. Qxd8+ Nxd8 10. Na3 Bg4 11. Nd4 Ndc6 12. Nxc6 Nxc6 13. h3 Bd7 14.
Bf4 a6 15. Rd1 e6 16. O-O Rc8 17. Be2 Bxa3 18. bxa3 Ne7 19. Rc1 Bc6 20. Bd2 Kd7
21. Bb4 Bd5 22. Bxe7 Kxe7 23. Bf3 b5 24. Rfd1 Bxa2 25. Bb7 Rc4 26. Bxa6 Rb8 27.
Ra1 Bb3 28. Rdb1 Ba4 29. Rc1 Rxc1+ 30. Rxc1 Kd7 31. Rc3 Rb6 32. Bc8+ Kd8 33. f4
b4 34. axb4 Rxb4 35. Ba6 Rxf4 36. Rf3 Rxf3 37. gxf3 Kc7 38. Kf2 Kc6 39. Ke3 Bb5
0-1

[Event "OLNW 1920 SK Lehrte - SK Kirchweyhe"]
[Site "?"]
[Date "2019.10.20"]
[Round "2.3"]
[White "Palac, Mladen"]
[Black "Duessler, Stefanie"]
[Result "1-0"]
[WhiteElo "2544"]
[BlackElo "2105"]
[PlyCount "45"]
[EventDate "2019.??.??"]
[EventType "team-tourn"]

1. d4 f5 2. Bg5 Nf6 3. Bxf6 exf6 4. e3 d5 5. c4 Be6 6. cxd5 Bxd5 7. Nc3 Bb4 8.
Nge2 O-O 9. a3 Bxc3+ 10. Nxc3 Re8 11. Qc2 Bf7 12. O-O-O g6 13. h4 h5 14. Bd3
Kg7 15. Rh3 Nc6 16. Rg3 Kh8 17. Ne2 Ne7 18. Nf4 Qd6 19. Bc4 Bxc4 20. Qxc4 Kh7
21. Qf7+ Kh8 22. Rxg6 Qc6+ 23. Kd2 1-0

[Event "OLNW 1920 SK Lehrte - SK Kirchweyhe"]
[Site "?"]
[Date "2019.10.20"]
[Round "2.4"]
[White "Hartogh, Christian"]
[Black "Brkic, Ante"]
[Result "0-1"]
[WhiteElo "2021"]
[BlackElo "2600"]
[PlyCount "128"]
[EventDate "2019.??.??"]
[EventType "team-tourn"]

1. e4 c5 2. Nf3 d6 3. d4 cxd4 4. Nxd4 Nf6 5. Nc3 a6 6. h3 Nc6 7. g4 Qb6 8. Nb3
e6 9. Bg2 Be7 10. Be3 Qc7 11. Qe2 b5 12. f4 Bb7 13. O-O Nd7 14. Qf2 O-O 15. g5
f6 16. g6 hxg6 17. Qg3 b4 18. Ne2 f5 19. Qxg6 Rf6 20. Qg3 fxe4 21. Bxe4 Nd4 22.
Bxd4 Bxe4 23. Bxf6 Bxf6 24. Nbd4 Re8 25. c3 bxc3 26. bxc3 Qc4 27. Qe3 Bg6 28.
Rae1 Nc5 29. Ng3 Bd3 30. Nde2 Bg6 31. Rd1 d5 32. Qf3 Ne4 33. f5 Bxf5 34. Nxf5
exf5 35. Qxf5 Qxe2 36. Qxd5+ Kf8 37. Rde1 Qb5 38. c4 Qb6+ 39. Kg2 Qb2+ 40. Kg1
Qb6+ 41. Kg2 Qb2+ 42. Kg1 Qe5 43. Qxe5 Rxe5 44. Rf4 Rg5+ 45. Rg4 Rxg4+ 46. hxg4
Nc3 47. Re6 a5 48. Ra6 a4 49. Ra5 Ke7 50. Kf2 Kd6 51. Ke3 Kc6 52. Kd3 Kb6 53.
Ra8 Kb7 54. Ra5 Bd8 55. Rf5 Nxa2 56. Rf7+ Kb6 57. Rxg7 a3 58. Rf7 Nb4+ 59. Kc3
a2 60. Kb2 Bg5 61. Rf3 Kc6 62. Rf5 Bc1+ 63. Ka1 Be3 64. Rd5 Bh6 0-1